| 000 | 01162nam a2200253Ia 4500 | ||
|---|---|---|---|
| 003 | GCL | ||
| 005 | 20240530105434.0 | ||
| 008 | 140319s9999 xx 000 0 ara d | ||
| 040 |
_aGCL / _cGCL |
||
| 082 | 0 | 4 |
_a510.1 _bم ر |
| 110 | 0 | _aمؤسسة الرسالة | |
| 245 | 1 | 0 |
_aالرياضيات المعاصرة : _bدراسات نظرية ومسائل / _cعادل سودان ( واخ ... ) _n2 _pمبادئ الجبر المجرد : الزمرة : الحلقة : الحقل : الفراغ الشعاعى : التطبيقات الخطية : المصفوفات والمعينات |
| 250 | _aالثانية | ||
| 260 |
_aالقاهرة : _bمؤسسة الرسالة ، _c1990 |
||
| 300 |
_a2 مج ؛ _c24 سم |
||
| 490 |
_aالرياضيات المعاصرة : دراسة نظرية ومسائل ؛ _v2 |
||
| 650 | 0 | 4 | _aالرياضيات |
| 650 | 0 | 4 | _aالرياضيات - تعليم وتدريس |
| 650 | 0 | 4 | _aالرياضيات المعاصرة |
| 700 | 1 |
_aخضر الاحمد _eمؤلف مشارك |
|
| 700 | 1 |
_aموفق دعبول _eمؤلف مشارك |
|
| 700 | 1 |
_aمحمد سعيد البرنى _eمؤلف مشارك |
|
| 942 |
_2ddc _cBK |
||
| 999 |
_c56052 _d56052 |
||